| 000 | 00801cab a2200277 4500 | ||
|---|---|---|---|
| 001 | WB3009-09 | ||
| 008 | 090401t1994 xxu||||| |||| 00| 0 eng d | ||
| 035 | _a(Sirsi) u29160 | ||
| 041 | _aeng | ||
| 245 | _aDepartment stores are making a comeback | ||
| 260 | _c1994 | ||
| 350 | _a0 | ||
| 490 |
_aTimes _v26 February 1994, 38(2) |
||
| 520 | _aVerdict reports on the changing fortunes of department stores, particularly their success in out-of-town shopping centres. | ||
| 650 | _aDEBENHAMS | ||
| 650 | _aDEPARTMENT STORES | ||
| 650 | _aHOUSE OF FRASER | ||
| 650 | _aJOHN LEWIS | ||
| 650 | _aOUT-OF-TOWN | ||
| 650 | _aOWEN AND OWENS | ||
| 650 | _aRENTS | ||
| 650 | _aSHOPPING CENTRES | ||
| 690 | _aPROPERTY-COMMERCIAL PROPERTY-RETAIL PROPERTY | ||
| 942 | _n0 | ||
| 948 | _c04/03/1997 | ||
| 999 |
_c19631 _d19631 |
||